Statistics for Anime titles based on characters (Hard)

Click here to take the quiz!

General Stats

  • This quiz has been taken 559 times
  • The average score is 6 of 42

Answer Stats

HintAnswer% Correct
Death The KidSoul Eater
68%
HisokaHunter x Hunter
67%
Ciel PhantomhiveKuroshitsuji
66%
Amane MisaDeath Note
63%
Tsukishima KeiHaikyuu!
33%
Aomine DaikiKuroko's Basketball
33%
Haruka NanaseFree! Iwatobi Swim Club
31%
MarowakPokemon
28%
NarakuInuyasha
26%
Ai HaibaraDetective Conan
15%
Kuran KanameVampire Knight
14%
Miyamura IzumiHorimiya
13%
HieiYu yu Hakusho
13%
Sawada TsunayoshiKatekyo Hitman Reborn
10%
KuroyukihimeAccel World
9%
Enma AiJigoku Shoujo
6%
Kikumaru EijiPrince of Tennis
6%
Hiraga SaitoZero no Tsukaima
6%
Hideyoshi KinoshitaBaka to Test to Shokanju
5%
Tendo NabikiRanma1/2
5%
Karin MaakaChibi Vampire
4%
Noda MegumiNodame Cantabile
4%
Kirishiki SunakoShiki
4%
Haruna SairenjiTo-Love-Ru
4%
Midou BanGetbackers
3%
Kagurazuka AsunaMahou Sensei Negima
3%
Azuma KazumaYakitate Japan
3%
Habashira RuiEyeshield 21
2%
Ranpha FranboiseGalaxy Angel
2%
Shibuya KazuyaGhost Hunt
2%
Daisuke TsubakiGiant Killing
2%
Toya AkiraHikaru no Go
2%
Agatsuma SoubiLoveless
2%
Michiko MalandroMichiko to Hatchin
2%
PoomoFushigiboshi no futago hime
1%
Meimi HaneokaKaito Saint Tail
1%
Tsukimi KurashitaKuragehime
1%
Sorao AmanoMojacko
1%
Yamato HotsuinShin Megami Tensei: Devil Survivor 2
1%
BenawiUtawarerumono
1%
Kotoha IsoneYozakura Quartet
1%
Ikusabe WataruMashin Eiyuuden Wataru
0%

Score Distribution

Percentile by Number Answered

Percent of People with Each Score

Your Score History

You have not taken this quiz